Suomen yleisimmät maahanmuuttajien syntymävaltiot - Statistics

Yleistilastot
  • Tätä visaa on pelattu 1 146 kertaa
  • Keskiarvotulos 14 / 20
Vastaustilastot
Lukumäärä Valtio % Oikein
22 414 Venäjä
97%
34 186 Ruotsi
95%
47 282 Viro
94%
22 484 Irak
87%
13 738 Somalia
87%
11 055 Iran
84%
16 266 Kiina
83%
16 082 Ukraina
81%
7 972 Saksa
80%
8 705 Syyria
75%
14 314 Intia
73%
11 068 Turkki
71%
10 422 Afganistan
69%
13 103 Thaimaa
59%
12 145 Vietnam
59%
7 661 Yhdistynyt kuningaskunta
55%
13 216 Filippiinit
30%
74 807 Neuvostoliitto
29%
7 224 Bangladesh
25%
9 584 Jugoslavia
20%
Ehtoja vastaavia visoja ei löytynyt
Tulosjakauma
Jokaisen tuloksen saaneiden osuus
Persentiili vastausten määrän mukaan
Tuloshistoriasi
Et ole pelannut tätä visaa